00209 a2200097 4500250001700000245003800017100001800055700001700073260000900090300001200099 a8ème éd. aWilliams Texbook of Endocrinology aWilson, J. D. aFoster, D.W. c1992 a1712 p.